000 01426nam0a22004091 4500
001 v19\rc\1974556
005 20251118181228.0
035 _a(NLR Aleph) 005069466
090 _a7080061
_c7080061
100 _a20080623d1914 u y0rusy50 ca
101 1 _arus
_ceng
102 _aRU
105 _ay z |||||
200 1 _aКогда солнце движется на Север
_eОбъясн. шести свящ. месяцев
_fМ. Коллинз
_gПер. Марии Депп
210 _aМосква
_cДухов. знание
_d1914
215 _a208 с.
_d17
300 _aПредисл.: Б. Леман
300 _aНа обл. авт. не указан
700 1 _6z01790
_aКоллинз
_bМ.
_f1851-1927
_gМейбл
702 1 _aДепп
_bМ.
_gМария
_4730
702 1 _4080
_aЛеман
_bБ.А.
_cпоэт, лит. критик
_f1882-1945
_gБорис Алексеевич
_9174788
_3RU\NLR\AUTH\770174839
790 1 _6z01700
_aКоллинз
_bМ.
_f1851-1927
_gМабель
801 0 _aRU
_bNLR
_gpsbo
801 0 _aRU
_bRuMoRGB
_2psbo
801 1 _aRU
_bProSoft-M
_2rusmarc
852 _aNLR
_j37.47.1.39
852 _aNLR
_j128/4152
852 _aNLR
_bМф
_jК1/18596
899 _aRuMoRGB
_jG 69/359
899 _aRuMoRGB
_jU 205/93
899 _aRuMoRGB
_jФ 1-81/11957
899 _aБАН
899 _aГПИБ
899 _aНБ МГУ
942 _cBOOK
980 _aNB